000 00797nam a2200265Ia 4500
003 OSt
005 20220925204811.0
006 a|||||r|||| 00| 0
007 ta
008 220923b |||||||| |||| 00| 0 eng d
020 _a9789388696050
_c495.00
037 _b5934, 20/02/2019, RAJKIRAN BOOK AGENCY
_cGeneral Book
040 _aRTL
_cRTL
_beng
041 _2eng
_aeng
082 _aX72, Q9
100 _aAHUJA Girish
_9268974
245 0 _aSummarised approach to taxation.
260 _aGurgaon
_bWolters Kluwer
_c2019
300 _aix,293p.
_ccm.
500 _aBibliography chapterwise
650 _aCommerce
700 _a GUPTA Ravi
942 _hX72, Q9
_cGB
_2CC
999 _c550451
_d550451